The lion, the witch and the wardrobe / (Record no. 7609)

MARC details
000 -LEADER
fixed length control field 01226nam a22003137a 4500
001 - CONTROL NUMBER
control field 7609
003 - CONTROL NUMBER IDENTIFIER
control field FISKH
005 - DATE AND TIME OF LATEST TRANSACTION
control field 20250728090506.0
008 - FIXED-LENGTH DATA ELEMENTS--GENERAL INFORMATION
fixed length control field 250728b cb ||||| |||| 00| 0 eng d
020 ## - INTERNATIONAL STANDARD BOOK NUMBER
International Standard Book Number 9780007289578
040 ## - CATALOGING SOURCE
Original cataloging agency FISKH
Language of cataloging eng
Transcribing agency FISKH
Modifying agency FISKH
050 ## - LIBRARY OF CONGRESS CALL NUMBER
Classification number PZ7.L58474 L
082 ## - DEWEY DECIMAL CLASSIFICATION NUMBER
Classification number 823.087661
100 ## - MAIN ENTRY--PERSONAL NAME
Personal name Lewis, C.S.
245 ## - TITLE STATEMENT
Title The lion, the witch and the wardrobe /
Statement of responsibility, etc. By C. S. Lewis : Illustrated by Christian Birmingham
250 ## - EDITION STATEMENT
Edition statement This edition first published in 2008
260 ## - PUBLICATION, DISTRIBUTION, ETC.
Place of publication, distribution, etc. London :
Name of publisher, distributor, etc. HarperCollins Children's Books ,
Date of publication, distribution, etc. 1950.
300 ## - PHYSICAL DESCRIPTION
Extent 48 unnumbered pages :
Other physical details color illustrations ;
Dimensions 30 cm .
490 ## - SERIES STATEMENT
Series statement The Chronicles of Narnia: Publication order
Volume/sequential designation 1
505 ## - FORMATTED CONTENTS NOTE
Formatted contents note M <br/>
520 ## - SUMMARY, ETC.
Summary, etc. Four English schoolchildren find their way through the back of a wardrobe into the magic land of Narnia and assist Aslan, the golden lion, to triumph over the White Witch, who has cursed the land with eternal winter.<br/>
521 8# - TARGET AUDIENCE NOTE
Target audience note 530 <br/>
Source Lexile estimate <br/>
521 8# - TARGET AUDIENCE NOTE
Target audience note M <br/>
Source Raz-Plus <br/>
650 ## - SUBJECT ADDED ENTRY--TOPICAL TERM
Topical term or geographic name entry element Allegory
Form subdivision Children's Literature
651 ## - SUBJECT ADDED ENTRY--GEOGRAPHIC NAME
Geographic name Adventure
Form subdivision Children's Literature
700 ## - ADDED ENTRY--PERSONAL NAME
Personal name Birmingham, Christian
Relator term Illustrator
942 ## - ADDED ENTRY ELEMENTS (KOHA)
Source of classification or shelving scheme Dewey Decimal Classification
Koha item type Books
Suppress in OPAC No
Holdings
Withdrawn status Lost status Source of classification or shelving scheme Damaged status Not for loan Collection Home library Current library Shelving location Date acquired Total Checkouts Full call number Barcode Date last seen Price effective from Koha item type
    Dewey Decimal Classification     Juvenile Fiction Footprints International School Library Network Toul Tom Poung Campus Footprints International School Library Network Toul Tom Poung Campus TTP Primary Yellow Bookshelves 07/28/2025   LEW 823.087661 PZ7.L58474 L FISBK00435 07/28/2025 07/28/2025 Books